000 00318nam a22001337a 4500
008 171023b xxu||||| |||| 00| 0 eng d
020 _a0314346910
041 _aeng
080 _23 ED
_a311
100 _a55
101 _aSTA
245 _aSTATISTICS FOR BUSINESS AND ECONOMICS
_cWILLIAMS.A..S
942 _2udc
_cBK
999 _c35488
_d35488